000 01681aam a2200313 i 4500
999 _c39520
_d39520
001 768714001
003 CO-MdFUSB
005 20200825115136.0
007 ta
008 200814t1970 -us |||| |||| 00| 0 eng d
020 _a0020889801
040 _bspa.
_aCO-MdFUSB
_cCO-MdFUSB
_dCO-MdFUSBC
_erda
041 _aeng
082 0 4 _223
_a270.1
_bR521e
245 1 0 _aEarly christian fathers
_c/ editado por Cyril C. Richardson,
264 1 _aEstados Unidos :
_bCollier Books,
_c[1970]
264 4 _c© 1970
300 _a415 Páginas
_c; 21 cm
336 _atexto
_btxt
_2rdacontent
337 _2rdamedia
_asin mediación
_bn
338 _2rdacarrier
_avolumen
_bnc
505 _aIntroducción a la literatura cristiana primitiva y su entorno - Cartas en crisis. La carta de la iglesia de Roma a la iglesia de Corinto, comúnmente llamada la primera carta de Clemente. Las cartas de Ignacio, obispo de Antioquía. La carta de Policarpo, obispo de Esmirna, a los Filipenses - El camino del martirio. El martirio de Policarpo - Un manual de la iglesia. La enseñanza de los doce apóstoles, comúnmente llamada Didache - Un sermón cristiano temprano. Un sermón anónimo, comúnmente llamado la segunda carta de Clemente - En defensa de la fe. La llamada carta a Diogneto. La primera disculpa de Justino, el mártir. Una súplica con respecto a los cristianos de Anthenagoras, el filósofo: Una exposición de la fe. Selecciones del trabajo contra las herejías de Ireneo, obispo de Lyon.
563 _aRústico
650 7 _959
_aPadres de la Iglesia
700 _94797
_aRichardson, Cyril Charles,
_eeditor
942 _cBK
945 _aJTF-925